Online Catalogue and eLibrary

Mythologies (Record no. 3008)

MARC details
000 -LEADER
fixed length control field 00598nam a2200157Ia 4500
005 - DATE AND TIME OF LATEST TRANSACTION
control field 20240815033950.0
008 - FIXED-LENGTH DATA ELEMENTS--GENERAL INFORMATION
fixed length control field 240331s9999 xx 000 0 und d
020 ## - INTERNATIONAL STANDARD BOOK NUMBER
ISBN 058608164X
082 ## - DDC Classification
Item Number - Author Mark BAR
Class No. 410
100 ## - MAIN ENTRY--PERSONAL NAME
Personal name Barthes,R
245 #0 - TITLE STATEMENT
Title Mythologies
260 ## - PUBLICATION, DISTRIBUTION, ETC.
Place of publication, distribution, etc. London
Name of publisher, distributor, etc. Paladin Grafton books
Date of publication, distribution, etc. 1973
300 ## - PHYSICAL DESCRIPTION
Extent (e.g. Volumes, Pages etc.) 158 p .,
500 ## - GENERAL NOTE
General note The Mythologies, which strikes one at first as being highly poetic and idiosyncratic, later reveals a quasi-technical use of certain terms. This is in part due to an effort to account for the phenomena of mass culture by resorting to new models.
942 ## - Koha item type (Biblio)
Koha item type Books in Stacks (Lending)
Holdings
Lost status Damaged status Collection code Home library Current library Shelving location Date acquired Full call number Accession Number Item type
    Lending WERC Library WERC Library Social Science Cupboard 03/31/2024 410 BAR 574 Books in Stacks (Lending)

© WERC Library